Statistics for Every Incorporated City in the Seattle CSA

Click here to take the quiz!

General Stats

  • This quiz has been taken 13 times
    (12 since last reset)
  • The average score is 49 of 110

Answer Stats

#CountyPopulationAnswer% Correct
3King144,755Bellevue
100%
5Snohomish110,576Everett
100%
7King95,189Federal Way
100%
4King131,320Kent
100%
8King90,825Kirkland
100%
14Thurston56,510Olympia
100%
10King82,574Redmond
100%
6King102,082Renton
100%
12King64,858Sammamish
100%
28King29,657SeaTac
100%
1King725,487Seattle
100%
60Snohomish10,096Snohomish
100%
47King13,242Snoqualmie
100%
2Pierce218,849Tacoma
100%
9King, Pierce82,882Auburn
80%
20Kitsap44,391Bremerton
80%
23King38,338Issaquah
80%
11Snohomish71,647Marysville
80%
22Pierce42,367Puyallup
80%
44Skagit18,150Anacortes
60%
42Snohomish20,277Arlington
60%
18King, Snohomish47,033Bothell
60%
27King32,393Des Moines
60%
21Snohomish42,670Edmonds
60%
56Pierce10,815Fife
60%
35King22,718Kenmore
60%
24Snohomish37,376Lake Stevens
60%
19Snohomish45,053Lynnwood
60%
29King28,197Maple Valley
60%
32King24,804Mercer Island
60%
39Snohomish20,774Mukilteo
60%
73King6,403Normandy Park
60%
55Mason11,452Shelton
60%
15King56,387Shoreline
60%
37King21,332Tukwila
60%
26Pierce34,792University Place
60%
33Kitsap24,128Bainbridge Island
40%
107King297Beaux Arts Village
40%
34Pierce22,948Bonney Lake
40%
74Snohomish6,400Brier
40%
17King49,261Burien
40%
58Skagit10,696Burlington
40%
83King2,173Carnation
40%
68Lewis8,065Chehalis
40%
78King3,058Clyde Hill
40%
86Island1,975Coupeville
40%
40King20,586Covington
40%
64King9,163Duvall
40%
53Pierce12,422Gig Harbor
40%
109Snohomish158Index
40%
16Thurston55,749Lacey
40%
94Skagit968La Conner
40%
50King12,839Lake Forest Park
40%
13Pierce62,759Lakewood
40%
80King2,813Medina
40%
36Snohomish21,751Mountlake Terrace
40%
25Skagit35,619Mount Vernon
40%
52King12,597Newcastle
40%
67King8,088North Bend
40%
31Island25,008Oak Harbor
40%
54Kitsap11,738Poulsbo
40%
93Pierce1,051Ruston
40%
51Skagit12,622Sedro-Woolley
40%
110King153Skykomish
40%
71Pierce6,659Steilacoom
40%
30Thurston26,615Tumwater
40%
57Thurston10,791Yelm
40%
77King3,147Algona
20%
66King8,442Black Diamond
20%
75Pierce5,681Buckley
20%
102Thurston594Bucoda
20%
98Pierce750Carbonado
20%
43Lewis19,364Centralia
20%
97Skagit791Concrete
20%
88Snohomish1,470Darrington
20%
61Pierce9,937DuPont
20%
79Pierce2,844Eatonville
20%
48Pierce13,140Edgewood
20%
49King, Pierce12,934Enumclaw
20%
69Pierce6,979Fircrest
20%
82Snohomish2,373Gold Bar
20%
76Snohomish5,002Granite Falls
20%
108Skagit296Hamilton
20%
104King435Hunts Point
20%
90Island1,160Langley
20%
105Skagit418Lyman
20%
38Snohomish20,948Mill Creek
20%
63Pierce, King9,323Milton
20%
41Snohomish20,410Monroe
20%
91Lewis1,106Morton
20%
95Lewis825Mossyrock
20%
85Lewis2,055Napavine
20%
65Pierce8,790Orting
20%
70King, Pierce6,830Pacific
20%
99Lewis681Pe Ell
20%
45Kitsap16,732Port Orchard
20%
81Thurston2,696Rainier
20%
96Pierce796Roy
20%
106Pierce361South Prairie
20%
62Snohomish9,883Stanwood
20%
72Snohomish6,644Sultan
20%
59Pierce10,689Sumner
20%
84Thurston2,130Tenino
20%
100Lewis678Toledo
20%
101Lewis673Vader
20%
103Pierce476Wilkeson
20%
87Lewis1,830Winlock
20%
46King13,290Woodinville
20%
89Snohomish1,297Woodway
20%
92King1,084Yarrow Point
20%

Score Distribution

Percentile by Number Answered

Percent of People with Each Score

Your Score History

You have not taken this quiz since the last reset